| 000 | 01447nam a22003737a 4500 | ||
|---|---|---|---|
| 001 | 12031919 | ||
| 003 | OSt | ||
| 005 | 20210426112142.0 | ||
| 008 | 000606s2001 nyua b 001 0deng | ||
| 010 | _a 00055015 | ||
| 020 | _a0071357696 | ||
| 040 |
_aDLC _cDLC _dDLC |
||
| 042 | _apcc | ||
| 043 | _an-us--- | ||
| 050 | 0 | 0 |
_aHG4910 _b.V528 2001 |
| 080 |
_a65 _bV-59 |
||
| 082 | 0 | 0 |
_a332.63/22 _221 |
| 100 | 1 | _aVick, Timothy P. | |
| 245 | 1 | 0 |
_aHow to pick stocks like Warren Buffett : _bprofiting from the bargain hunting strategies of the world's greatest value investor / _cTimothy Vick. |
| 260 |
_aNew York : _bMcGraw-Hill, _cc2001. |
||
| 300 |
_ax, 277 p. : _bill. ; _c24 cm. |
||
| 365 | _e22.95 USD | ||
| 504 | _aIncludes bibliographical references (p. 261-267) and index. | ||
| 600 | 1 | 0 | _aBuffett, Warren. |
| 650 | 0 |
_aInvestments _zUnited States. |
|
| 650 | 0 |
_aStocks _zUnited States. |
|
| 653 | _aბიზნესი | ||
| 856 | 4 | 2 |
_3Contributor biographical information _uhttp://www.loc.gov/catdir/bios/mh041/00055015.html |
| 856 | 4 | 2 |
_3Publisher description _uhttp://www.loc.gov/catdir/description/mh021/00055015.html |
| 856 | 4 | 1 |
_3Table of contents _uhttp://www.loc.gov/catdir/toc/mh021/00055015.html |
| 906 |
_a7 _bcbc _corignew _d1 _eocip _f20 _gy-gencatlg |
||
| 942 |
_2udc _cBK |
||
| 999 |
_c969 _d969 |
||